Les plus grands succès cinématographiques français - Statistiques

Statistiques générales
  • Ce quiz a été pris 254 fois
  • Le résultat moyen est 4 sur 10
Statistiques - réponses
Réponse % Correct
1 Bienvenue chez les Ch'tis
76%
2 Intouchables
76%
3 La Grande Vadrouille
74%
5 Les Visiteurs
45%
4 Astérix et Obélix : Mission Cléopâtre
33%
8 Le Corniaud
32%
7 Qu'est-ce qu'on a fait au Bon Dieu ?
30%
10 Taxi 2
10%
9 Les Bronzés 3 : Amis pour la vie
4%
6 Le Petit Monde de don Camillo
2%
Aucun quiz correspondant
Distribution des résultats
% des personnes avec chaque résultat
Percentile par nombre de réponses
Votre historique - résultats
Vous n’avez pas pris ce quiz